000 00467nam a2200157Ia 4500
003 IQ-KOUCL
041 _aArabic
082 _a278,1 cut-362 ق
100 _a20260118u\\\\\\\\\\\y0engy0103\\\\ba
100 _aمحمد بن حسين القحطاني
245 0 _aفتاوى الائمة في النوازل المدلهمة
250 _aط1
260 _bجمعية احياء التراث الاسلامي
_aالكويت
_c2022
300 _a147
942 _cBk
999 _c186301
_d186301